Statistiche per Quiz di cultura generale - #5

Clicka qui per fare il quiz!

Statistiche generali

  • Questo quiz è stato fatto 14.894 volte
  • Il punteggio medio è 14 su 20

Statistiche sulle risposte

DomandaRisposta% Corretto
Quale parte del corpo di Achille era vulnerabile?Tallone
99%
Formula chimica dell'acquaH2O
95%
Quanti giocatori ci sono in campo in una squadra di pallavolo?6
94%
Capitale del PortogalloLisbona
94%
Film d'animazione con protagonista ElsaFrozen
92%
Qual è la regione più piccola d'Italia?Valle d'Aosta
92%
Presidente del Consiglio italiano dal 2018 al 2021 (prima di Draghi)Giuseppe Conte
90%
Quanti sono i Pilastri dell'Islam?5
88%
Quanto durano complessivamente i tempi supplementari in una partita di calcio?30 minuti
85%
Gruppo musicale di cui faceva parte John LennonBeatles
84%
Ne 'Il libro della giungla' che animale è Baloo?Orso
84%
Così è detto il periodo di raccolta dell'uvaVendemmia
75%
Storico Signore di Firenze, era detto "il Magnifico"Lorenzo de Medici
68%
In quale Nazione si svolge il festival "Tomorrowland"Belgio
49%
Cosa fece Edoardo VIII, nel 1936, che nessun re inglese aveva mai fatto?Abdicò
43%
Il tenente della televisione con l'impermeabileColombo
42%
Nome dell'uomo nella copertina del quizNikola Tesla
40%
Era la madre di Maria(nonna di Gesù)Sant'Anna
39%
"Ufficio" in franceseBureau
38%
Chi coniò il termine "cortina di ferro"Winston Churchill
32%

Distribuzione punteggi

Percentile per numero di risposta

Percentuale di utenti per punteggio

I tuoi punteggi nel tempo

Non hai fatto questo quiz